Легенда с колокольчиками (Запись № 13283684)

Подробности
000 -МАРКЕР
контрольное поле 01744njm0a22003971 4500
001 - ИДЕНТИФИКАТОР ЗАПИСИ
контрольное поле RU\NLR\ONIZ\224069
005 - ИДЕНТИФИКАТОР ВЕРСИИ
контрольное поле 20250708192855.0
035 ## - ДРУГИЕ СИСТЕМНЫЕ НОМЕРА
Идентификатор записи (NLR Aleph) 011806902
035 ## - ДРУГИЕ СИСТЕМНЫЕ НОМЕРА
Идентификатор записи RU\NLR\ONIZ\GALA\5000033373\20180914143941
071 00 - ИЗДАТЕЛЬСКИЙ НОМЕР
Номер, присвоенный агентством G.C.-2-23077
100 ## - ДАННЫЕ ОБЩЕЙ ОБРАБОТКИ
Данные общей обработки 20180914f19001999|||y0rusy50 ca
102 ## - СТРАНА ПУБЛИКАЦИИ ИЛИ ПРОИЗВОДСТВА
Страна публикации российская федерация
126 ## - ПОЛЕ КОДИРОВАННЫХ ДАННЫХ: ЗВУКОЗАПИСИ - ФИЗИЧЕСКИЕ ХАРАКТЕРИСТИКИ
Кодированные данные звукозаписи (общие) aduxdxu ux
Кодированные данные звукозаписи (уточнения) xxx
127 ## - ПОЛЕ КОДИРОВАННЫХ ДАННЫХ: ПРОДОЛЖИТЕЛЬНОСТЬ ЗВУКОЗАПИСЕЙ И НОТНЫХ ИЗДАНИЙ (МУЗЫКАЛЬНОЕ ИСПОЛНЕНИЕ)
Продолжительность 000008
135 ## - ПОЛЕ КОДИРОВАННЫХ ДАННЫХ: ЭЛЕКТРОННЫЕ РЕСУРСЫ
Кодированные данные для электронного ресурса honoannnanndn
200 1# - ЗАГЛАВИЕ И СВЕДЕНИЯ ОБ ОТВЕТСТВЕННОСТИ
Основное заглавие Легенда с колокольчиками
Общее обозначение материала Звукозапись
Сведения, относящиеся к заглавию из оперы "Лакме"
Первые сведения об ответственности Л. Делиб
Последующие сведения об ответственности исполн.: А. Нежданова, акк. У. Мазетти
210 ## - ПУБЛИКАЦИЯ, РАСПРОСТРАНЕНИЕ И ДР.
Место издания, распространения и т.д. Riga
Имя издателя, распространителя и т. д. Gramophone concert record
Дата издания, распространения и т.д. [19--]
215 ## - ФИЗИЧЕСКАЯ ХАРАКТЕРИСТИКА
Специфическое обозначение материала и объем 1 грп.(08 мин): 78 об/мин, моно; 25 см, в конв.
606 1# - НАИМЕНОВАНИЕ ТЕМЫ КАК ПРЕДМЕТ
Наименование темы Оперные певцы начала 20 века
Тематический подзаголовок Звукозапись
Географический подзаголовок Россия
Хронологический подзаголовок 20 в.
Код системы nlr_sh
686 ## - ИНДЕКСЫ ДРУГИХ КЛАССИФИКАЦИЙ
Индекс Щ943.1-071(4Фр)
Издание LBC/SL
Код системы
700 #1 - ИМЯ ЛИЦА - ПЕРВИЧНАЯ ОТВЕТСТВЕННОСТЬ
Системный номер авторитетной/нормативной записи z01790
Начальный элемент ввода Делиб
Часть имени, кроме начального элемента ввода К. Ф. Л.
Даты 1836-1891
Расширение инициалов личного имени Клеман Филибер Лео
Код отношения Композитор
Графика поля Кириллица
702 #1 - ИМЯ ЛИЦА - ВТОРИЧНАЯ ОТВЕТСТВЕННОСТЬ
Системный номер авторитетной/нормативной записи z04790
Начальный элемент ввода Нежданова
Часть имени, кроме начального элемента ввода А. В.
Дополнения к именам, кроме дат оперная певица
Даты 1873-1950
Расширение инициалов личного имени Антонина Васильевна
Код отношения Прочие
--
Графика поля Кириллица
702 #1 - ИМЯ ЛИЦА - ВТОРИЧНАЯ ОТВЕТСТВЕННОСТЬ
Системный номер авторитетной/нормативной записи z05790
Начальный элемент ввода Мазетти
Часть имени, кроме начального элемента ввода У.
Даты 1869-1919
Расширение инициалов личного имени Умберто
Код отношения Исполнитель
Графика поля Кириллица
790 #1 - ИМЯ ЛИЦА - АЛЬТЕРНАТИВНАЯ ФОРМА
Системный номер авторитетной/нормативной записи z01700
Начальный элемент ввода Delibes
Часть имени, кроме начального элемента ввода C. Ph. L.
Даты 1836-1891
Расширение инициалов личного имени Clément Philibert Léo
Код отношения Композитор
Графика поля Латинская
790 #1 - ИМЯ ЛИЦА - АЛЬТЕРНАТИВНАЯ ФОРМА
Системный номер авторитетной/нормативной записи z04702
Начальный элемент ввода Neždanova
Часть имени, кроме начального элемента ввода A.
Даты 1873-1950
Расширение инициалов личного имени Antonina
Код отношения Исполнитель
--
Графика поля Латинская
790 #1 - ИМЯ ЛИЦА - АЛЬТЕРНАТИВНАЯ ФОРМА
Системный номер авторитетной/нормативной записи z05702
Начальный элемент ввода Masetti
Часть имени, кроме начального элемента ввода U.
Даты 1869-1919
Расширение инициалов личного имени Umberto
Код отношения Исполнитель
Графика поля Латинская
801 #0 - ИСТОЧНИК ЗАПИСИ
Страна российская федерация
Организация NLR
Дата составления 20180914
Правила каталогизации PSBO
801 #1 - ИСТОЧНИК ЗАПИСИ
Страна российская федерация
Организация NLR
Дата составления 20180914
Источник данных rusmarc
801 #2 - ИСТОЧНИК ЗАПИСИ
Страна российская федерация
Организация NLR
Дата составления 20180914
852 ## - МЕСТОНАХОЖДЕНИЕ И ШИФР ХРАНЕНИЯ
Идентификатор организации NLR
Наименование фонда или коллекции (Sub-Location Identifier) Мг
Шифр хранения (Call Number) 2к/1544
Страна
Номер экземпляра 1
942 ## - ДОПОЛНИТЕЛЬНЫЕ ЭЛЕМЕНТЫ ЗАПИСИ (АБИС)
Тип экземпляра АБИС Звукозапись
980 ## - КОЛЛЕКЦИЯ
Название коллекции Национальная библиография
980 ## - КОЛЛЕКЦИЯ
Название коллекции Отдел нот и звукозаписей
Экземпляры
Тип экземпляра Дата поступления Библиотека постоянного хранения Библиотека текущего хранения Место хранения Шифр хранения Статус не для выдачи
Звукозапись 14.09.2018 РНБ (Московский) РНБ (Московский) Фонд нот и звукозаписей 2к/1544 2к/1544